<?xml version="1.0" encoding="UTF-8"?>
<collection xmlns="http://www.loc.gov/MARC21/slim">
 <record>
  <leader>00582nam a22001697i 4500</leader>
  <controlfield tag="001">000541969</controlfield>
  <controlfield tag="005">20180417180819.0</controlfield>
  <controlfield tag="008">180323s1925    ??     fr     000 0 cze?d</controlfield>
  <datafield tag="STA" ind1=" " ind2=" ">
   <subfield code="a">Rychlá katalogizace</subfield>
  </datafield>
  <datafield tag="100" ind1="1" ind2=" ">
   <subfield code="a">Sombart, Werner,</subfield>
   <subfield code="d">1863-1941</subfield>
   <subfield code="7">jn20000701674</subfield>
  </datafield>
  <datafield tag="245" ind1=" " ind2="4">
   <subfield code="a">Die Ordnung des Wirtschaftslebens</subfield>
  </datafield>
  <datafield tag="264" ind1=" " ind2="1">
   <subfield code="a">Berlin</subfield>
   <subfield code="b">Julius Springer</subfield>
   <subfield code="c">1925</subfield>
  </datafield>
  <datafield tag="300" ind1=" " ind2=" ">
   <subfield code="a">64 s.</subfield>
  </datafield>
  <datafield tag="993" ind1=" " ind2=" ">
   <subfield code="x">NEPOSILAT</subfield>
   <subfield code="y">RYCHLA</subfield>
  </datafield>
  <datafield tag="996" ind1=" " ind2=" ">
   <subfield code="1">PDPZ2</subfield>
   <subfield code="3">F2615</subfield>
   <subfield code="4">PC=991/25</subfield>
   <subfield code="5">3142302639</subfield>
   <subfield code="8">20180323</subfield>
   <subfield code="f">95</subfield>
   <subfield code="l">UEP01</subfield>
   <subfield code="m">BOOK</subfield>
   <subfield code="q">Knihovna Žižkov depoz. 2</subfield>
   <subfield code="t">prezenční - lze objednat</subfield>
   <subfield code="u">UEP01</subfield>
   <subfield code="w">20180323</subfield>
  </datafield>
 </record>
</collection>
